000 00814nam a2200205Ia 4500
001 22552
003 GE_BSU
008 181216s||||||||xx |||||||||||||| ||und||
040 _cGE_BSU
245 _aარქეოლოგია. #1. 2018
245 _bსამეცნიერო-კვლევითი ჟურნალი
245 _cმთ.რედ. ალ. ნონეშვილი
250 _aაკადემიკოს ანდრია აფაქიძის სახ. არქეოლოგიის ინ-ტი
260 _aთბილისი
260 _c2016
300 _a208 გვ. 30სმ. ილ.
653 _aარქეოლოგია. #1. 2018
653 _aსამეცნიერო-კვლევითი ჟურნალი
942 _cCR
999 _c55470
_d55470